<?xml version="1.0" encoding="UTF-8"?>
<record
    xmlns:xsi="http://www.w3.org/2001/XMLSchema-instance"
    xsi:schemaLocation="http://www.loc.gov/MARC21/slim http://www.loc.gov/standards/marcxml/schema/MARC21slim.xsd"
    xmlns="http://www.loc.gov/MARC21/slim">

  <leader>00701nam a22001577a 4500</leader>
  <controlfield tag="003">OSt</controlfield>
  <controlfield tag="005">20150927165240.0</controlfield>
  <controlfield tag="008">150927b        xxu||||| |||| 00| 0 eng d</controlfield>
  <datafield tag="040" ind1=" " ind2=" ">
    <subfield code="c">RUA</subfield>
  </datafield>
  <datafield tag="082" ind1=" " ind2=" ">
    <subfield code="a">ATM.Sp HON 2003 B058 Or.1</subfield>
  </datafield>
  <datafield tag="100" ind1=" " ind2=" ">
    <subfield code="9">1461</subfield>
    <subfield code="a">HONG, CHANVIBOL.</subfield>
  </datafield>
  <datafield tag="245" ind1=" " ind2=" ">
    <subfield code="a">D.K 888 and H.Q 2000 of corn variety observation trail in dry season condition, &#x1796;&#x17B7;&#x179F;&#x17C4;&#x1792;&#x1793;&#x17CD;&#x178F;&#x17B6;&#x1798;&#x178A;&#x17B6;&#x1793; &#x1793;&#x17B7;&#x1784;&#x179C;&#x17B6;&#x1799;&#x178F;&#x17C6;&#x179B;&#x17C3;&#x1796;&#x17BC;&#x1787;&#x1796;&#x17C4;&#x178F;&#x1785;&#x17C6;&#x178E;&#x17B8;&#x179F;&#x178F;&#x17D2;&#x179C;&#x178A;&#x17C1;.&#x1780;&#x17B6; &#x17E8;&#x17E8;&#x17E8;&#x200B; &#x1793;&#x17B7;&#x1784; &#x17A0;&#x17B6;&#x179F;.&#x1782;&#x17BB;&#x1799; &#x17E2;&#x17E0;&#x17E0;&#x17E0;&#x200B;&#x1780;&#x17D2;&#x1793;&#x17BB;&#x1784;&#x179B;&#x1780;&#x17D2;&#x1781;&#x1781;&#x178E;&#x17D2;&#x178C;&#x179A;&#x178A;&#x17BC;&#x179C;&#x1794;&#x17D2;&#x179A;&#x17B6;&#x17C6;&#x1784;</subfield>
  </datafield>
  <datafield tag="260" ind1=" " ind2=" ">
    <subfield code="a">Phnom Penh</subfield>
    <subfield code="b">RUA</subfield>
    <subfield code="c">2003</subfield>
  </datafield>
  <datafield tag="300" ind1=" " ind2=" ">
    <subfield code="a">60p.</subfield>
    <subfield code="b">ill.</subfield>
    <subfield code="c">29cm.</subfield>
  </datafield>
  <datafield tag="942" ind1=" " ind2=" ">
    <subfield code="2">ddc</subfield>
    <subfield code="c">ATMSP</subfield>
  </datafield>
  <datafield tag="999" ind1=" " ind2=" ">
    <subfield code="c">1373</subfield>
    <subfield code="d">1373</subfield>
  </datafield>
  <datafield tag="952" ind1=" " ind2=" ">
    <subfield code="0">0</subfield>
    <subfield code="1">0</subfield>
    <subfield code="2">ddc</subfield>
    <subfield code="4">0</subfield>
    <subfield code="6">ATM__SP_HON_2003_000000000000000_B058_OR_1</subfield>
    <subfield code="7">0</subfield>
    <subfield code="9">5926</subfield>
    <subfield code="a">LBB</subfield>
    <subfield code="b">LBB</subfield>
    <subfield code="c">B057</subfield>
    <subfield code="d">2015-09-27</subfield>
    <subfield code="o">ATM.Sp HON 2003 B058 Or.1</subfield>
    <subfield code="p">RUA001851</subfield>
    <subfield code="r">2015-09-27</subfield>
    <subfield code="w">2015-09-27</subfield>
    <subfield code="y">ATMSP</subfield>
  </datafield>
  <datafield tag="952" ind1=" " ind2=" ">
    <subfield code="0">0</subfield>
    <subfield code="1">0</subfield>
    <subfield code="2">ddc</subfield>
    <subfield code="4">0</subfield>
    <subfield code="6">ATM__SP_HON_2003_000000000000000_B058_OR_2</subfield>
    <subfield code="7">0</subfield>
    <subfield code="9">5927</subfield>
    <subfield code="a">LBB</subfield>
    <subfield code="b">LBB</subfield>
    <subfield code="c">B057</subfield>
    <subfield code="d">2015-09-27</subfield>
    <subfield code="o">ATM.Sp HON 2003 B058 Or.2</subfield>
    <subfield code="p">RUA001923</subfield>
    <subfield code="r">2015-09-27</subfield>
    <subfield code="w">2015-09-27</subfield>
    <subfield code="y">ATMSP</subfield>
  </datafield>
  <datafield tag="952" ind1=" " ind2=" ">
    <subfield code="0">0</subfield>
    <subfield code="1">0</subfield>
    <subfield code="2">ddc</subfield>
    <subfield code="4">0</subfield>
    <subfield code="6">ATM__SP_HON_2003_000000000000000_B058_OR_3</subfield>
    <subfield code="7">0</subfield>
    <subfield code="9">5928</subfield>
    <subfield code="a">LBB</subfield>
    <subfield code="b">LBB</subfield>
    <subfield code="c">B057</subfield>
    <subfield code="d">2015-09-27</subfield>
    <subfield code="o">ATM.Sp HON 2003 B058 Or.3</subfield>
    <subfield code="p">RUA001785</subfield>
    <subfield code="r">2015-09-27</subfield>
    <subfield code="w">2015-09-27</subfield>
    <subfield code="y">ATMSP</subfield>
  </datafield>
  <datafield tag="952" ind1=" " ind2=" ">
    <subfield code="0">0</subfield>
    <subfield code="1">0</subfield>
    <subfield code="2">ddc</subfield>
    <subfield code="4">0</subfield>
    <subfield code="6">ATM__SP_HON_2003_000000000000000_B058_OR_4</subfield>
    <subfield code="7">0</subfield>
    <subfield code="9">5929</subfield>
    <subfield code="a">LBB</subfield>
    <subfield code="b">LBB</subfield>
    <subfield code="c">B057</subfield>
    <subfield code="d">2015-09-27</subfield>
    <subfield code="o">ATM.Sp HON 2003 B058 Or.4</subfield>
    <subfield code="p">RUA001995</subfield>
    <subfield code="r">2015-09-27</subfield>
    <subfield code="w">2015-09-27</subfield>
    <subfield code="y">ATMSP</subfield>
  </datafield>
  <datafield tag="952" ind1=" " ind2=" ">
    <subfield code="0">0</subfield>
    <subfield code="1">0</subfield>
    <subfield code="2">ddc</subfield>
    <subfield code="4">0</subfield>
    <subfield code="6">ATM__SP_HON_2003_000000000000000_B058_OR_5</subfield>
    <subfield code="7">0</subfield>
    <subfield code="9">5930</subfield>
    <subfield code="a">LBB</subfield>
    <subfield code="b">LBB</subfield>
    <subfield code="c">B057</subfield>
    <subfield code="d">2015-09-27</subfield>
    <subfield code="l">1</subfield>
    <subfield code="o">ATM.Sp HON 2003 B058 Or.5</subfield>
    <subfield code="p">RUA001635</subfield>
    <subfield code="r">2023-04-24</subfield>
    <subfield code="s">2023-03-29</subfield>
    <subfield code="w">2015-09-27</subfield>
    <subfield code="y">ATMSP</subfield>
  </datafield>
  <datafield tag="952" ind1=" " ind2=" ">
    <subfield code="0">0</subfield>
    <subfield code="1">0</subfield>
    <subfield code="2">ddc</subfield>
    <subfield code="4">0</subfield>
    <subfield code="6">ATM__SP_HON_2003_000000000000000_B058_OR_6</subfield>
    <subfield code="7">0</subfield>
    <subfield code="9">5931</subfield>
    <subfield code="a">LBB</subfield>
    <subfield code="b">LBB</subfield>
    <subfield code="c">B057</subfield>
    <subfield code="d">2015-09-27</subfield>
    <subfield code="o">ATM.Sp HON 2003 B058 Or.6</subfield>
    <subfield code="p">RUA001844</subfield>
    <subfield code="r">2015-09-27</subfield>
    <subfield code="w">2015-09-27</subfield>
    <subfield code="y">ATMSP</subfield>
  </datafield>
</record>
